| 000 | 00397nam a2200145Ia 4500 | ||
|---|---|---|---|
| 008 | 230503s9999 xx 000 0 und d | ||
| 020 | _a9789351742111 | ||
| 082 |
_a923.41 _bMUKH |
||
| 100 | _aMUKHERJEE,Nita | ||
| 245 | 0 | _aHealing the body Touching the Heart : The life & times of Dr LM Sanghvi | |
| 260 |
_aMumbai _bknowledgeWare _c2014 |
||
| 300 | _a192 | ||
| 650 | _abiography/Law | ||
| 942 | _cBK | ||
| 999 |
_c2607 _d2607 |
||